[Event "Sharjah Master 2024"]
[Site "Shsrjah - Abu Dhabi"]
[Date "2024.05.20"]
[Round "?"]
[White "Muradli, Mahammad"]
[Black "Radjabov, Teimour"]
[Result "1-0"]
[WhiteElo "2560"]
[BlackElo "2723"]
[PlyCount "133"]
[EventDate "2024.05.14"]
[EventCountry "UAE"]

{[%evp 13,133,11,22,22,22,23,36,39,34,-2,47,36,61,63,57,51,51,51,53,45,51,50,55,51,56,10,50,50,70,70,66,70,69,68,67,50,54,51,61,49,65,65,71,47,59,63,87,78,122,118,118,115,127,123,122,77,139,124,136,130,125,99,109,103,117,121,126,80,158,84,151,126,158,153,151,151,153,158,155,141,155,147,147,142,148,149,143,143,169,168,303,151,153,140,151,113,169,45,132,124,164,49,177,177,214,179,223,174,278,278,332,277,389,336,448,278,404,405,485,458,453,441]} 1. d4 Nf6 2. c4 e6 3. Nf3 d5 4. Nc3 Be7 5. cxd5 exd5 6. Bf4 c6 7. e3 Bf5 8. Nh4 Bg4 9. Qc2 Nbd7 $146 ({RR} 9... Nh5 10. h3 Be6 11. Nf3 Bd6 12. Bxd6 Qxd6 13. Bd3 Nd7 14. O-O-O g6 15. Kb1 Ng7 16. g4 h5 17. Rhg1 hxg4 18. hxg4 O-O-O 19. Nb5 Qb4 20. a3 Qa5 21. Ng5 Kb8 22. Nc3 Rdf8 23. f4 Nf6 24. Nxe6 {Martirosyan,H (2681)-Khubukshanov,E (2352) Moscow RUS 2024 1-0 (67)}) ({RR} 9... Nh5 10. h3 Be6 11. Nf3 Nxf4 12. exf4 Bd6 13. g3 g6 14. Bd3 Nd7 15. Kf1 Qf6 16. Kg2 O-O 17. h4 c5 (17... h5 $11 {remains equal.}) 18. Nb5 Be7 19. dxc5 Nxc5 20. Nbd4 Rac8 21. h5 Ne4 22. Qe2 Bc5 23. Nxe6 Qxe6 24. hxg6 {Maghsoodloo,P (2742)-Nepomniachtchi,I (2771) Samarkand UZB 2023 1-0 (57)}) ({RR} 9... Nh5 10. h3 Be6 11. Nf3 Nxf4 12. exf4 c5 (12... Bd6 $11) 13. f5 Bc8 (13... Bd7 $16) 14. dxc5 Nc6 15. Bb5 (15. O-O-O $1 $18) 15... O-O 16. O-O Bxc5 17. Rad1 $1 Nb4 18. Qc1 Bxf5 (18... Bd6 {was necessary.}) 19. a3 $1 {[%cal Ra3b4]} Na6 20. Rxd5 Qc8 21. Bxa6 bxa6 22. Qg5 g6 23. Nh4 f6 24. Qg3 $1 {Moksh,A (2353)-Elsness,F (2437) Fagernes NOR 2024 1-0 (36)}) 10. h3 {White is slightly better.} Be6 11. Bd3 O-O 12. O-O Ne4 13. Nf3 f5 14. Ne5 Nxe5 15. Bxe5 Bd6 16. Ne2 {[%cal Bc3e2,Be2g1,Bg1f3,Bf3e5][%mdl 32]} Qc7 17. f4 a5 18. Kh2 Qe7 19. Bxd6 $6 {Inaccuracy. Ng1 was best.} (19. Ng1) 19... Qxd6 20. Ng1 g5 21. g3 h6 22. Nf3 Rf7 23. Ne5 Rg7 24. Bxe4 dxe4 25. a3 Rf8 26. Qc3 Qd8 27. Rf2 Kh7 28. Qc2 Rfg8 {...gxf4 is the strong threat.} 29. Rg1 Kh8 30. Rgg2 h5 31. fxg5 Qxg5 32. Rf4 Qe7 33. Qc3 {Black must now prevent d5.} Qd8 34. Qe1 Rh7 $6 {Inaccuracy. c5 was best.} (34... c5) (34... c5 $142) 35. Kg1 Rgg7 36. b4 axb4 37. Qxb4 Kg8 38. a4 Qd5 39. a5 Rh6 40. Kh2 $6 {Inaccuracy. Qc3 was best.} (40. Qc3) 40... Kh7 $6 {Inaccuracy. c5 was best.} (40... c5) (40... c5 $142 41. Qxc5 Qxc5 42. dxc5 Rc7) 41. Rgf2 (41. Rc2 $142) 41... Qd8 $6 {Inaccuracy. c5 was best.} (41... c5 42. Qxc5) ({Black should try} 41... c5 42. Qxc5 Qxc5 43. dxc5 Rc7) 42. Rb2 Qg5 43. Qe1 Qe7 44. Rc2 Qa3 45. Rc5 Kg8 46. Qd2 Kh7 47. Rc1 Kg8 48. Rb1 Kh7 49. Rb6 Bc8 50. h4 Re7 51. Rf1 Qd6 $2 {[#] Mistake. Rc7 was best.} (51... Rc7) (51... Rc7 $142 52. Rfb1 Kg7) 52. Qc3 $2 {Mistake. a6 was best.} (52. a6 Rg7 53. axb7 Bxb7 54. Rxf5 Bc8 55. Rf4 Qe6 56. Qg2 Rc7 57. Qxe4+ Kg7) (52. a6 $1 $18 {[%mdl 512] is more deadly.}) 52... Qd5 $16 53. Rf2 Rg7 54. Qe1 Qg8 (54... c5 $16) 55. Rf4 $2 {Mistake. Rg2 was best.} (55. Rg2 Qd5 56. Rc2 f4 57. exf4 Rd6 58. Rg2 Bf5 59. a6 bxa6 60. Qe2 Bg4) ({White should play} 55. Rc2 $18) 55... Qd5 $2 {Mistake. c5 was best.} (55... c5 $1 56. Rb2 cxd4 57. exd4 Qd8 58. Rg2 Rf6 59. Qd2 Qd5 60. Qd1 Qxa5 61. Qxh5+) (55... c5 $1 $14) 56. Rf2 Rf6 57. Rbb2 $6 {Inaccuracy. Rg2 was best.} (57. Rg2 Rh6 58. Rc2 f4 59. exf4 Rd6 60. Rbb2 Kh6 61. Rg2 Bf5 62. Qc1 Qe6) (57. Rg2 $18) 57... Qg8 $6 {Inaccuracy. c5 was best.} (57... c5 $1 58. Qd2) (57... c5 $1 $14) 58. Rfc2 $18 Qe8 59. Qf1 Qd8 60. Rc5 $6 {Inaccuracy. a6 was best.} (60. a6 bxa6) 60... Rf8 $2 {Mistake. f4 was best.} (60... f4) (60... f4 {keeps fighting.} 61. gxf4 Rd6) 61. Qf4 Rfg8 $6 {Inaccuracy. Rf6 was best.} (61... Rf6 62. a6 bxa6 63. Nxc6 Qd6 64. Ne5 Bb7 65. Qf1 Qd8 66. Qb1 Qe7 67. Qd1) 62. Rg2 $6 {Inaccuracy. a6 was best.} (62. a6 Qf8 (62... Qf6 $142 63. Rg2 Rf8) 63. axb7 Bxb7 64. Rbc2 Rxg3 {[#]} 65. Nd7 $1 {[%cal Rd7f8]} Qh6 66. Qxf5+ Kh8 67. Qxh5 {[%cal Rh5h6]} R3g6) 62... Rc7 $2 {Mistake. Rf8 was best.} (62... Rf8 63. Rb2 Rf6 64. a6 bxa6 65. Nxc6 Qd6 66. Ne5 Bb7 67. Qf1 Rf8 68. Qe2) (62... Rf8 $142 63. Rb2 Rf6) 63. Rgc2 Rcg7 64. Rg2 $2 {Mistake. a6 was best.} (64. a6 Rxg3 65. Nf7 {[%csl Gf7][%cal Rf4h6]} Qf6 66. axb7 R3g4 {[%cal Rf6h4]} 67. Ng5+ Qxg5 68. hxg5 Rxf4 69. exf4 Bxb7) 64... Rc7 $2 {[#] Mistake. Rf8 was best.} (64... Rf8 65. Rb2 Rf6 66. a6 bxa6 67. Nxc6 Qd6 68. Ne5 Bb7 69. Qf1 Qf8 70. Qc1) (64... Rf8 $142 65. Rb2 Rf6) 65. a6 $1 {[%mdl 512]} Qf6 (65... bxa6 66. Nxc6) 66. axb7 Bxb7 67. Ng4 {Accuracy: White = 69%, Black = 51%.} 1-0

[Event "Sharjah Master 2024"]
[Site "Shsrjah - Abu Dhabi"]
[Date "2024.05.20"]
[Round "?"]
[White "Artemiev, Vladislav"]
[Black "Maurizzi, Marc`Andria"]
[Result "1/2-1/2"]
[WhiteElo "2705"]
[BlackElo "2617"]
[PlyCount "109"]
[EventDate "2024.05.14"]
[EventCountry "UAE"]

1. d4 d5 2. Nf3 Nf6 3. Bf4 e6 4. e3 c5 5. c3 Nc6 6. Nbd2 cxd4 7. exd4 Nh5 8. Be3 Bd6 9. Bb5 Nf4 10. O-O O-O 11. Re1 Bd7 12. Ne5 $146 ({RR} 12. Bf1 Rb8 13. a4 a6 14. g3 Ng6 15. Bd3 b5 16. axb5 axb5 17. h4 e5 18. h5 Nge7 19. dxe5 Nxe5 20. Nxe5 Bxe5 21. Ba7 Nc6 22. Bxb8 Qxb8 23. Qf3 d4 24. cxd4 Nxd4 25. Qe4 Bf5 26. Qxe5 Qxe5 {Froewis,A (2133)-Navrotescu,A (2222) Monaco MNC 2024 1-0 (51)}) 12... Nxe5 13. Bxf4 Nc4 14. Bxd6 Nxd6 15. Bd3 g6 16. Qg4 Ne8 17. Qf4 Ng7 18. Nf3 f6 19. h4 Rf7 20. c4 dxc4 21. Bxc4 Qb8 22. Qe4 Bc6 23. d5 exd5 24. Bxd5 Bxd5 25. Qxd5 Qd8 26. Qb3 Qb6 27. Qxb6 axb6 28. a3 Rd7 29. Rac1 Re8 30. Kf1 Kf7 31. Rxe8 Nxe8 32. Rc4 b5 33. Rc5 Nd6 34. Ke2 Re7+ 35. Kd3 Rd7 36. Kc2 b4 37. a4 Ne4 38. Rc4 Nxf2 39. Rxb4 Nd3 40. Re4 h6 41. Kc3 Nc5 42. Rc4 Ne6 43. a5 g5 44. g3 Rd1 45. Nd4 Nxd4 46. Rxd4 Rc1+ 47. Kb4 Ke6 48. Kb5 Rc6 49. Rd8 f5 50. Rh8 Kd7 51. h5 Rf6 52. Rh7+ Kc8 53. Rh8+ Kc7 54. Rh7+ $2 {Mistake. Re8 was best.} (54. Re8 f4 55. gxf4 gxf4 56. b4 f3 57. Re1 Rf4 58. Kc5 Rf5+ 59. Kc4 Kc6) 54... Kc8 $2 {Mistake. Kb8 was best.} (54... Kb8) 55. Rh8+ 1/2-1/2

[Event "Sharjah Master 2024"]
[Site "Shsrjah - Abu Dhabi"]
[Date "2024.05.20"]
[Round "?"]
[White "Fedoseev, Vladimir"]
[Black "Zemlyanskii, Ivan"]
[Result "0-1"]
[WhiteElo "2701"]
[BlackElo "2516"]
[PlyCount "108"]
[EventDate "2024.05.14"]
[EventCountry "UAE"]

{[%evp 9,108,23,16,0,0,0,0,1,5,-25,3,2,8,-74,22,-71,-16,1,6,-13,-2,-28,-28,-35,20,20,22,21,28,24,39,-9,8,-121,-49,-61,-62,-52,-55,-82,-76,-94,-79,-102,-84,-70,-80,-81,-82,-78,-83,-132,-58,-63,-73,-84,-84,-123,-123,-162,-101,-85,-71,-133,-76,-174,-63,-141,-69,-253,-237,-373,-293,-313,-292,-304,-303,-324,-314,-296,-303,-322,-316,-317,-292,-303,-279,-291,-275,-303,-295,-294,-262,-263,-208,-565,-560,-698,-686,-658,-644]} 1. d4 Nf6 2. Nf3 g6 3. g3 Bg7 4. Bg2 d5 5. O-O O-O 6. a4 c5 7. dxc5 Na6 8. Nc3 {The position is equal.} ({RR} 8. Be3 Ne4 9. c3 Naxc5 10. Nbd2 Qc7 (10... e5 $11) 11. Nxe4 dxe4 12. Nd4 Bd7 (12... a6 $14) 13. Nb5 Bxb5 14. axb5 Rfd8 15. Qb1 Nb3 $2 (15... a6 $16 {keeps fighting.} 16. b6 Qd6) 16. Qxe4 $2 (16. Rxa7 $18 {is the precise move to win.} Rab8 17. Qxe4) 16... Nxa1 17. Rxa1 b6 18. Qc6 (18. Qa4 $16) 18... Rac8 19. Bf4 e5 20. Bg5 Rd6 21. Qxc7 Rxc7 22. Bc6 f5 {Firouzja,A (2759)-Kramnik,V (2753) chess.com INT 2024 1-0 (46)}) 8... Nxc5 9. Be3 $146 ({RR} 9. a5 e6 10. Be3 Qe7 11. Bd4 (11. Qd4 $5 {[%cal Rd4c5]} Nce4 12. Qd3 $11) 11... Rd8 12. Qc1 Bd7 13. h3 Rac8 14. Qe3 Be8 15. Rfd1 b5 16. axb6 axb6 17. Ne5 b5 18. Ra5 Nce4 (18... Nb7 $11 19. Ra7 b4) 19. Bb6 (19. Ra7 $14 Qd6 20. Nxb5) 19... Nxc3 20. bxc3 Rd6 21. Ra7 Nd7 22. Bd4 Qd8 23. Ng4 f6 {Rapport,R (2731)-Paravyan,D (2612) Samarkand UZB 2023 ½-½ (89)}) 9... b6 10. a5 Bb7 11. Ra3 $6 {Inaccuracy. Bd4 was best.} (11. Bd4 Nce4 12. Ra3 e6 13. axb6 axb6 14. Rxa8 Qxa8 15. Nxe4 dxe4 16. Nd2 Ng4) (11. Bd4 $11 {remains equal.}) 11... Qc8 $6 {Inaccuracy. Ng4 was best.} (11... Ng4 12. Bxc5) (11... Ng4 $1 $17) 12. Qa1 $6 {Inaccuracy. Bd4 was best.} (12. Bd4) (12. Bd4 $11) 12... Nfe4 $6 {Inaccuracy. Ng4 was best.} (12... Ng4 $1 13. Bxc5 Qxc5 14. Ne1 e6 15. Nd3 Qe7 16. axb6 axb6 17. Rxa8 Rxa8 18. Qc1) 13. Nxe4 Nxe4 14. c3 Qc7 15. a6 {Bf4 is the strong threat.} Bc6 16. Nd4 Bd7 $6 {Inaccuracy. Bxd4 was best.} (16... Bxd4) 17. Qa2 Bxd4 18. Bxd4 Be6 19. c4 Rfd8 20. b3 Rac8 {[%cal Rd5c4]} 21. e3 $2 {Mistake. Qa1 was best.} (21. Qa1 h5 22. Be3 Kh7 23. Qb2 (23. Rc1 $5 {[%cal Rc4d5]}) 23... Qd6 24. Raa1 Nf6 25. Bf4 Qb4 26. Ra4 Qc5) (21. Qa1 $11 {keeps the balance.}) 21... Nf6 $6 {Inaccuracy. Qd7 was best.} (21... Qd7 $1 22. Ra4 Bh3 23. f3 Bxg2 24. Qxg2 Nc5 25. Bxc5 Rxc5 26. Rd1 Qc8 27. Qe2) ({Black should play} 21... Qd7 $17) 22. Qb2 dxc4 23. bxc4 Qd7 24. Bb7 Rxc4 25. Raa1 Bh3 26. Rfd1 {[#] With the idea Qb3.} e5 $1 {[%mdl 512]} 27. Qb3 (27. Bxe5 Qxd1+) 27... Qe6 28. Bb2 (28. Bxe5 $2 Rxd1+ 29. Rxd1 Rd4 $1 $19 {[%mdl 512]}) 28... Rxd1+ 29. Qxd1 h5 30. Qd3 $6 {Inaccuracy. f4 was best.} (30. f4 exf4) 30... Rb4 $6 {Inaccuracy. Kh7 was best.} (30... Kh7 $1 31. f3 b5 32. Re1 Rc5 33. f4 Ng4 $1 34. fxe5 b4 35. Be4 Nxe5 36. Qd4) (30... Kh7 $17 31. f3 Rb4) 31. Bc3 $15 Rb3 $36 {[%mdl 2048] Keeping White busy.} 32. Rc1 Kh7 33. Qd1 $6 {Inaccuracy. e4 was best.} (33. e4 Ra3 34. Qd1 Ra2 35. Be1 Qe8 36. Bc6 Qe7 37. Qb3 $1 {[%cal Rb3a2]} Ra3 38. Bb4 (38. Qc4 $15 Ng4 39. Bb7) 38... Rxb3) 33... Rb5 34. Ba1 Rc5 $6 {Inaccuracy. Qa2 was best.} (34... Qa2 $1 35. Bc3 Ng4 36. Qd2 Rb1 $1 37. Rxb1 Qxb1+ 38. Qe1 Qd3 39. Bg2 Bxg2 40. Kxg2) (34... Qa2 $1 $19 35. Qe1 Ng4) 35. Rxc5 $17 bxc5 36. Qc1 $6 {Inaccuracy. Bf3 was best.} (36. Bf3) (36. Bf3 $142) 36... Qd6 $6 {Inaccuracy. Qf5 was best.} (36... Qf5 37. f3 e4 38. Qc4 Qxf3 {[%csl Gh3][%cal Rf3g2]} 39. Qxf7+ Kh6 {[%csl Gh3][%cal Rf3g2]} 40. Qf8+ Kg5 {[%csl Gh3][%cal Rf3g2]} 41. Qxc5+ Nd5 $1 {[%csl Gh3][%cal Rf3g2]} 42. Bf6+ $1) (36... Nd5 $142 37. Bb2 Nb4) 37. f3 $6 {[#] Inaccuracy. Bf3 was best.} (37. Bf3 Qd3) (37. Bf3 $17) 37... Be6 $6 {Inaccuracy. e4 was best.} (37... e4 $1 38. fxe4 Qe6 $1 39. Qb1 Ng4 40. Qb2 {[%csl Ga1][%cal Rb2h8]} f6 41. Bd5 Qxa6 {[%csl Gh3][%cal Ra6f1]} 42. Qb7+ Qxb7 43. Bxb7) ({Black should try} 37... e4 $1 $19 {[%mdl 512] Threatens to win with ...exf3.} 38. Bxf6 (38. Bxe4 Nxe4) 38... Qxf6) 38. e4 (38. Bc3 $15) 38... c4 (38... Nd7 $17 39. Kf2 c4) 39. Kf2 $4 {[#] Blunder. Bc3 was best.} (39. Bc3 Bh3) (39. Bc3 $15) 39... Nd7 $1 $19 {[%cal Rd7c5] And now ...Nc5 would win.} 40. Kg2 (40. Bc3 $142) 40... Nc5 {Strongly threatening ...Nb3.} 41. Bc3 Nd3 42. Qd2 {[#]} h4 $1 {[%cal Rh4h3][%mdl 512]} 43. gxh4 Qc5 44. h3 {[#]} Bxh3+ $1 {[%mdl 512]} 45. Kh2 ({Don't go for} 45. Kxh3 $2 Qg1 $19) 45... Be6 46. Qe2 Qe7 47. Kg3 Qa3 48. Qd2 Qc5 49. Kh2 Nf4 50. Qe1 f6 51. Bd2 {and the idea Qe3 leaves White hopeful.} Qa3 52. Kg3 $2 {[#] Mistake. Qe3 was best.} (52. Qe3 Qa2) (52. Qe3 {was the crucial defense.} Qa2 53. Bd5) 52... c3 $1 {[%cal Bc4c3,Bc3c2][%mdl 544] Black is clearly winning.} 53. Be3 $6 {Inaccuracy. Bxc3 was best.} (53. Bxc3 Qxc3 54. Qxc3 Ne2+ 55. Kf2 Nxc3 56. Ke3 Bc4 57. f4 Kh6 58. Bc8 Kh5) 53... Qb2 {[%cal Rf4h5]} 54. Qf2 c2 {Accuracy: White = 45%, Black = 67%.} 0-1

[Event "Sharjah Master 2024"]
[Site "Shsrjah - Abu Dhabi"]
[Date "2024.05.20"]
[Round "?"]
[White "Sankalp Gupta"]
[Black "Deac, Bogdan-Daniel"]
[Result "1-0"]
[WhiteElo "2531"]
[BlackElo "2692"]
[PlyCount "107"]
[EventDate "2024.05.14"]
[EventCountry "UAE"]

{[%evp 20,107,34,32,44,41,53,32,32,33,42,41,37,32,36,31,62,61,61,22,21,17,25,39,52,6,30,0,25,-30,-27,-28,-28,-97,-69,-75,-52,-83,0,0,0,-42,-8,-14,-10,-23,-10,-64,12,13,35,25,66,70,67,71,85,71,110,102,96,102,129,99,107,103,123,0,74,74,74,74,94,77,170,68,280,269,504,510,517,516,1310,996,29998,923,922,905,840,805]} 1. e4 c5 2. c3 e6 3. d4 d5 4. e5 Nc6 5. Nf3 Bd7 6. Be2 f6 7. O-O fxe5 8. Nxe5 Nxe5 9. dxe5 Qc7 10. Re1 O-O-O 11. Bf1 Ne7 12. a4 c4 $146 ({RR} 12... Nf5 13. Na3 c4 14. b3 Bc5 {[#]} (14... cxb3 $14 15. Qxb3 Bc5) 15. bxc4 (15. b4 $1 $16) 15... dxc4 (15... d4 $11) 16. Nxc4 Rhf8 17. Qc2 Bc6 18. Bf4 (18. Ba3 $16 Bxa3 19. Nxa3) 18... Bd5 (18... Kb8 $11) 19. Rad1 Nh4 ({Better is} 19... Kb8 $14) 20. Nd6+ $1 Kb8 21. Bg3 Nf5 $2 {[#]} (21... Ng6 {is a better defense.} 22. Kh1 Bb6) 22. Nxf5 $2 (22. Rxd5 $1 $18 {[%mdl 512] and the rest is easy.} Nxg3 (22... exd5 23. Nxf5) 23. Rxc5 Qxc5 24. hxg3) 22... Rxf5 23. c4 (23. Bd3 $16 Rff8 24. c4) 23... Bc6 24. Rxd8+ Qxd8 25. Bd3 Rf8 26. Bxh7 Qb6 (26... Qa5 $11 27. Rf1 Qxa4) 27. Be4 {Sierra Vallina,L (2275)-Miszler,L (2269) chess.com INT 2024 0-1 (44)} (27. Ra1 $16)) ({RR} 12... Nf5 13. Bd3 g6 14. Bg5 Be7 15. Bxe7 Nxe7 16. Na3 (16. b4 $14) 16... Rhf8 17. b4 Kb8 18. Nc2 (18. Qd2 $11 {keeps the balance.}) 18... Nc6 (18... c4 $17 19. Bf1 Nc6) 19. bxc5 Nxe5 20. Bb5 $1 Bc8 21. Nd4 Rf6 22. Rb1 (22. a5 $5 {[%cal Ra5a6]} Nf7 23. a6 $11) 22... Ka8 $1 23. c6 (23. a5 $16) 23... Nxc6 24. Bxc6 bxc6 25. Qe2 Bd7 (25... e5 $5 26. Qxe5 Qxe5 27. Rxe5 c5 $11) 26. Nf3 Rf4 27. Ne5 {Idani,P (2602)-Erigaisi,A (2727) Samarkand UZB 2023 ½-½ (73)}) ({RR} 12... Nf5 13. Na3 a6 14. Nc2 h6 15. b4 g5 16. Ba3 (16. Bd3 $16) 16... c4 $1 17. b5 Bxa3 18. Rxa3 a5 19. Nd4 (19. Be2 $11) 19... Rdf8 20. Nxf5 Rxf5 21. Qd4 b6 22. g3 Rhf8 23. Ra2 h5 24. Rd2 g4 25. h3 (25. Re3 $11) 25... Kb7 $2 (25... Qc5 $17 {stays on course.} 26. Qxc5+ bxc5) 26. hxg4 hxg4 27. Qxg4 {Kobo,O (2530)-Kuhn,C (2333) chess.com INT 2024 0-1 (41)} (27. Bxc4 $1 $16 {[%mdl 512]} Ka7 (27... Qxc4 28. Qxc4) 28. Bf1)) ({RR} 12... Nc6 13. Na3 a6 14. b4 cxb4 15. Nb5 $1 {[%cal Rb5c7]} axb5 16. axb5 bxc3 17. Be3 Nb8 18. Qd4 (18. Qb3 $16) 18... b6 19. Qxb6 Qxb6 20. Bxb6 Be8 $1 21. Rec1 $1 {[%cal Rc1c3]} d4 $1 22. Ra4 Rd5 23. Bxd4 Bxb5 24. Rxc3+ Kd8 $2 {[%mdl 8192]} (24... Bc6 $17 {and life is bright.} 25. Ba7 Kd7) 25. Ra8 $1 {1-0 (25) Radovanovic,N (2434)-Casper,T (2349) Germany GER 2024}) 13. b3 cxb3 {White is slightly better.} 14. Qxb3 Nc6 15. Be3 Na5 16. Qb2 Bc5 17. Na3 Bxe3 ({Not} 17... Bxa4 $2 18. Bxc5 Qxc5 19. Nb5 $18) 18. Rxe3 Kb8 19. Nb5 Bxb5 20. axb5 Rhf8 21. Qb4 b6 22. g3 g5 23. Qg4 Qe7 24. Re2 Rc8 25. Bh3 Rfe8 26. Re3 $6 {Inaccuracy. Qf3 was best.} (26. Qf3) (26. Qf3 $11) 26... Nc4 $17 27. Re2 Rc5 28. Bf1 h6 $6 {Inaccuracy. Rxb5 was best.} (28... Rxb5 29. Rea2 a5 30. Bxc4 dxc4 31. Qxc4 Qc5 32. Qd3 Rc8 33. Rd2 Qxe5 34. Qxh7) (28... Rxb5 $17 29. Rea2 a5) 29. Rea2 $1 $11 {[%cal Ra2a7]} Na5 ({Reject} 29... Nxe5 $6 30. Qe2 $16) 30. Ra3 Qc7 31. Qh5 Rh8 32. Re1 Qe7 33. Re3 Rcc8 $6 {Inaccuracy. Nc4 was best.} (33... Nc4) (33... Nc4 $15 34. Bxc4 dxc4) 34. Ra4 Rcf8 35. h4 Rh7 36. Rf3 $1 {[%cal Rf3f8]} Rxf3 37. Qxf3 Rf7 38. Qe3 Rg7 39. hxg5 hxg5 40. Rg4 Rg6 41. Bd3 Rg7 42. Bf1 Rg6 43. Qf3 $2 {Mistake. Be2 was best.} (43. Be2 Rg7) (43. Be2 $16) 43... Rh6 $6 {Inaccuracy. Rg8 was best.} (43... Rg8 44. Qf6 Qh7 $1 45. Rb4 Rh8 {[%csl Gh8][%cal Rh7h2]} 46. Bg2 Nc4 47. Qxe6 Nd2 {[%csl Gh8][%cal Rh7h2]} 48. Qd6+ Kc8 {[%csl Gh8][%cal Rh7h2]} 49. Qc6+) (43... Rg8 $1 $11 {remains equal.}) 44. Bd3 $16 Qg7 45. Qe3 Rh5 46. Be2 Qh7 $6 {Inaccuracy. Qe7 was best.} (46... Qe7 47. Bd3) (46... Qh6 $16 {was called for.}) 47. Qf3 $2 {Mistake. Rxg5 was best.} (47. Rxg5 Rh1+ 48. Kg2 Re1 (48... Rh2+ $16 {was worth a try.} 49. Kf3 Qb1) 49. Rh5 Qxh5 50. Bxh5 Rxe3 51. fxe3 Kc8 52. Kf3 Kd8) (47. Rxg5 $18 Rh1+ 48. Kg2) 47... Kc7 $4 {Blunder. Qb1+ was best.} (47... Qb1+) (47... Qh8 $14) 48. c4 $18 Nb3 $6 {Inaccuracy. Qb1+ was best.} (48... Qb1+ 49. Bd1 Rh7 50. cxd5 exd5 51. Rd4 Qxb5 52. Qf5 Re7 53. Bg4 {[%csl Gg4][%cal Rf5c8]} Qe8 54. Rxd5) (48... dxc4 {might work better.} 49. Rd4 {[%mdl 64] Discovered Attack} Qb1+ 50. Rd1 Qh7 51. Qxh5 Qxh5 52. Bxh5 Nb7) 49. cxd5 ({Worse is} 49. Qxb3 Rh1+ 50. Kg2 Rb1 $11) 49... exd5 50. Qxd5 Nc5 $6 {Inaccuracy. Qb1+ was best.} (50... Qb1+ 51. Bd1 Rh7 52. Qxb3 Qxb3 53. Bxb3 Re7 54. Re4 Kd8 55. Rd4+ Ke8 56. e6) (50... Nd2 $142 51. Rb4 Rh2) 51. Rd4 {White wants to mate with Qc6+.} g4 $4 {Checkmate is now unavoidable. Rh1+ was best.} (51... Rh1+ 52. Qxh1 Qxh1+ 53. Kxh1 Ne6 54. Rd1 Nc5 55. Kg1 Nd7 56. e6 Nf6 57. e7) 52. Qd8+ (52. Qc6+ $142 Kb8 53. Rd8#) 52... Kb7 53. Qd5+ Kb8 54. Bxg4 {Accuracy: White = 66%, Black = 53%.} 1-0

[Event "Sharjah Master 2024"]
[Site "Shsrjah - Abu Dhabi"]
[Date "2024.05.20"]
[Round "?"]
[White "Blohberger, Felix"]
[Black "Ter-Sahakyan, Samvel"]
[Result "1/2-1/2"]
[WhiteElo "2505"]
[BlackElo "2650"]
[PlyCount "88"]
[EventDate "2024.05.14"]
[EventCountry "UAE"]

1. d4 Nf6 2. c4 e6 3. Nc3 Bb4 4. Qc2 d5 5. a3 Bxc3+ 6. Qxc3 h6 $146 ({RR} 6... c5 7. dxc5 d4 8. Qf3 e5 9. Bg5 a5 10. e3 Nc6 11. b3 Qe7 12. Bxf6 gxf6 13. Bd3 dxe3 14. fxe3 Qxc5 15. Ne2 f5 16. Bxf5 Bxf5 17. Qxf5 Qxe3 18. Rf1 O-O 19. Rf3 Qxe2+ 20. Kxe2 Nd4+ 21. Ke3 {Tkachyov,A (2078)-Sapenov,D (2350) Astana KAZ 2023 ½-½}) ({RR} 6... c5 7. dxc5 d4 8. Qc2 a5 9. Nf3 Nc6 10. Bg5 Qe7 11. e3 Qxc5 12. Be2 dxe3 13. Bxe3 Qe7 14. b3 O-O 15. O-O e5 16. Qb2 Bg4 17. b4 axb4 18. axb4 e4 19. Bc5 Qc7 20. Nd4 Nxd4 21. Bxd4 {Pesotskiy,M (2136)-Herman,D (1927) chess.com INT 2024 ½-½ (43)}) ({RR} 6... a5 7. Bf4 c6 8. e3 O-O 9. Nf3 Ne4 10. Qc2 b6 11. Bd3 Ba6 12. O-O Nf6 13. Ne5 dxc4 14. Bxc4 Bxc4 15. Qxc4 Qd5 16. Rac1 b5 17. Qxd5 cxd5 18. Rc7 Na6 19. Rc6 a4 20. Rfc1 b4 21. Nd3 {Ioannidis,E (2519)-Buenafe Moya,J (2136) chess.com INT 2024 1-0 (62)}) 7. Nf3 O-O 8. e3 b6 9. b3 Bb7 10. Be2 Nbd7 11. Bb2 Rc8 12. O-O (12. Kf1) 12... c5 13. Rac1 Ne4 14. Qd3 Qe7 15. Rfd1 Rfd8 16. h3 Nd6 17. cxd5 Bxd5 18. Nd2 Bc6 19. Qb1 cxd4 20. Bxd4 Nf5 21. Bb2 Nh4 22. g3 Ng6 23. Bf3 Nde5 24. Bxc6 Rxc6 25. Rxc6 Nxc6 26. Nf3 Rxd1+ 27. Qxd1 Nf8 28. Qd3 Qd7 29. Qxd7 (29. Qd5 $4 {Blunder. Qc4 was best.} Qd6 $4 {Blunder. exd5 was best.} (29... exd5 30. b4 Ne6 31. h4 h5 32. a4 Kh8 33. a5 b5 34. Bd4 Qc8 35. Bc3) 30. Qxd6 Nd7 $4 {Checkmate is now unavoidable. Na5 was best.} (30... Na5 31. Qd1 Nb7 32. b4 a5 33. Kh1 axb4 34. axb4 f6 35. h4 Kf7 36. e4)) (29. Qc4 Na5) 29... Nxd7 30. b4 f6 31. Kf1 Kf7 32. Ke2 e5 33. e4 Nd8 34. Kd3 Nb7 35. Bc1 Nd6 36. g4 b5 37. Be3 a6 38. Nd2 Ke6 39. h4 Kf7 40. h5 Ke8 41. f3 Kd8 42. Kc3 Ke8 43. Kd3 Kd8 44. Kc3 Ke8 1/2-1/2